Dohoda z Cotonou jako základ změn podstaty vzájemných vztahů EU a zemí AKT

Analýza zmien v vzájomných vzťahoch medzi AKT (Afrika, Karibik, Tichomorie) a ES. Od Lomé ku Cotonou. Dohoda z Cotonou ako ukotvenie nových princípov spolupráce. Dohoda o ekonomickom partnerstve. Vývoj obchodnej výmeny po podpise Dohody z Cotonou.

Salvato in:
Dettagli Bibliografici
Autore principale: Kopecká, Petra
Altri autori: Cihelková, Eva
Natura: Capitolo di libro
Lingua:ceco
Soggetti:
Tags: Aggiungi Tag
Nessun Tag, puoi essere il primo ad aggiungerne!!

MARC

LEADER 00000naa$a2200000$$$4500
001 0089610
005 20231116104549.3
041 0 |a cze 
044 |a CZ 
245 1 0 |a Dohoda z Cotonou jako základ změn podstaty vzájemných vztahů EU a zemí AKT  |c Petra Kopecká, Eva Cihelková 
520 |a Analýza zmien v vzájomných vzťahoch medzi AKT (Afrika, Karibik, Tichomorie) a ES. Od Lomé ku Cotonou. Dohoda z Cotonou ako ukotvenie nových princípov spolupráce. Dohoda o ekonomickom partnerstve. Vývoj obchodnej výmeny po podpise Dohody z Cotonou. 
610 2 0 |a Európske spoločenstvá 
610 2 0 |a vzťahy hospodárske vonkajšie 
610 2 0 |a Afrika 
610 2 0 |a Tichomorie 
610 2 0 |a Karibská oblasť 
610 2 0 |a dohody obchodné medzinárodné 
610 2 0 |a partnerstvo strategické 
100 1 |a Kopecká, Petra 
700 1 |a Cihelková, Eva